| 000 | 00696nam a22001937a 4500 | ||
|---|---|---|---|
| 003 | 0 | ||
| 005 | 20250626113614.0 | ||
| 008 | 231018b xxu||||| |||| 00| 0 eng d | ||
| 050 |
_aPHS BF 575.T4 _b.M46 2023 |
||
| 100 | _aMendoza, Juliena Zchishane V. | ||
| 245 |
_aTest anxiety as factor of exam performance: a quasi experimental study _c Juliena Zchishane V. Mendoza |
||
| 260 |
_aLas Pinas City _bSouthville International School and Colleges _c2023. |
||
| 300 |
_a41 pages ; _c30 cm. |
||
| 504 | _aIncludes bibliographical references. | ||
| 650 |
_aAnxiety _vexperimental research. |
||
| 650 | _aTest anxiety. | ||
| 650 |
_aStress (Psychology) _vEducational aspects. |
||
| 942 |
_2lcc _cPASS |
||
| 999 |
_c365538 _d365538 |
||